El espejismo: Chile, desarrollo, la promesa oficial y los porfiados hechos
Salvato in:
| Autore principale: | |
|---|---|
| Natura: | Libro |
| Lingua: | spagnolo |
| Pubblicazione: |
Santiago
Ceibo Ediciones
2014
|
| Edizione: | 1a. ed |
| Serie: | Colección Réplicas, 4
|
| Soggetti: | |
| Tags: |
Aggiungi Tag
Nessun Tag, puoi essere il primo ad aggiungerne!!
|
MARC
| LEADER | 00000cam a2200000 a 4500 | ||
|---|---|---|---|
| 001 | UCE3072 | ||
| 003 | CL-VaPUC | ||
| 008 | 140814e20140000cl |||||||||||||||||spa|d | ||
| 020 | |a 9789569071584 | ||
| 082 | 0 | 4 | |a 362.5 |b DEL |2 21 |
| 100 | 0 | |a Delgado Fuentealba, Higinio |e author |9 575576 | |
| 245 | 1 | 3 | |a El espejismo: Chile, desarrollo, la promesa oficial y los porfiados hechos |
| 250 | |a 1a. ed | ||
| 300 | |a 148 p | ||
| 942 | |c BK | ||
| 945 | |d 20140814 14:58:00 |a arojas | ||
| 260 | |a Santiago |b Ceibo Ediciones |c 2014 | ||
| 650 | 0 | |a Problemas sociales |9 258537 | |
| 650 | 7 | |a PROBLEMAS ECONOMICOS |2 CL-VaPUC |9 386772 | |
| 650 | 0 | |a Condiciones económicas |9 258255 | |
| 650 | 7 | |a DESIGUALDADES |2 CL-VaPUC |9 430159 | |
| 651 | 7 | |a CHILE |2 CL-VaPUC |9 575577 | |
| 583 | |a last modification |c 20140814 14:58:00 |k Rodrigo Vera | ||
| 490 | 0 | |a Colección Réplicas, 4 | |
| 999 | |c 356522 |d 356520 | ||
| 952 | |0 0 |1 0 |3 erb |4 0 |6 362_500000000000000_DEL_2014 |7 0 |8 A |9 463967 |a BIBHIS |b BIBHIS |i 5095263 |o 362.5 DEL 2014 |p 5095263 |r 2025-01-20 |w 2019-11-23 |y BK |z Catalogado en:20140814 |k HIS | ||